|
|
|
|
| LEADER |
00000nas a2200000 a 4500 |
| 001 |
ssj0014558 |
| 003 |
WaSeSS |
| 005 |
20200512172242.0 |
| 006 |
m d |
| 007 |
cr n |
| 008 |
990524c20009999njumr pss 0 a0eng c |
| 010 |
|
|
|a sn 99003972
|
| 015 |
|
|
|a GBB346945
|2 bnb
|
| 016 |
7 |
|
|a 016323924
|2 Uk
|
| 016 |
7 |
|
|a 2027201-7
|2 DE-600
|
| 022 |
|
|
|a 1525-2027
|l 1525-2027
|
| 030 |
|
|
|a GGGGFR
|
| 035 |
|
|
|a (WaSeSS)ssj0014558
|
| 040 |
|
|
|a NSD
|b eng
|e pn
|c NSD
|d WAU
|d NSD
|d OCLCQ
|d DLC
|d VRC
|d OCLCQ
|d MYG
|d GPM
|d OCLCF
|d OCLCO
|d DLC
|d OCLCO
|d OCLCQ
|d OCLCA
|d NTG
|d AU@
|d UKMGB
|d OCLCQ
|d VT2
|d SFB
|d WaSeSS
|
| 042 |
|
|
|a pcc
|a nsdp
|
| 050 |
0 |
0 |
|a QE514
|
| 082 |
1 |
0 |
|a 550
|2 13
|
| 210 |
0 |
|
|a Geochem. geophys. geosyst.
|
| 222 |
|
0 |
|a Geochemistry, geophysics, geosystems
|
| 245 |
0 |
0 |
|a Geochemistry, geophysics, geosystems
|h [electronic resource] :
|b G³.
|
| 246 |
1 |
3 |
|a G³
|
| 246 |
1 |
3 |
|a G-cubed
|
| 260 |
|
|
|3 2000- :
|a [Washington, DC] :
|b AGU and the Geochemical Society,
|c 2000-
|
| 260 |
3 |
|
|3 <2015-> :
|a Hoboken, NJ :
|b Wiley Periodicals, Inc.
|
| 310 |
|
|
|a Monthly
|
| 362 |
1 |
|
|a Began with: Vol. 1, issue 1 (January 2000).
|
| 500 |
|
|
|a "An electronic journal of the earth sciences."
|
| 506 |
|
|
|a License restrictions may limit access.
|
| 515 |
|
|
|a Vol. 1, issue 1 (January 2000) and vol. 1, issue 3 (March 2000) have online note, "No content was published this month."
|
| 515 |
|
|
|a Papers are published and added to the current annual volume online as they are ready.
|
| 538 |
|
|
|a Mode of access: World Wide Web.
|
| 588 |
|
|
|a Description based on: Vol. 1, issue 2 (February 2000); title from journal home page (Wiley Online Library, viewed Mar. 12, 2013).
|
| 588 |
|
|
|a Latest issue consulted: Volume 17, issue 1 (January 2016) (Wiley Online Library, viewed March 2, 2016).
|
| 650 |
|
0 |
|a Geochemistry
|v Periodicals.
|
| 650 |
|
0 |
|a Geophysics
|v Periodicals.
|
| 650 |
|
0 |
|a Earth sciences
|v Periodicals.
|
| 650 |
|
7 |
|a Earth sciences.
|2 fast
|0 (OCoLC)fst00900729
|
| 650 |
|
7 |
|a Geochemistry.
|2 fast
|0 (OCoLC)fst00940343
|
| 650 |
|
7 |
|a Geophysics.
|2 fast
|0 (OCoLC)fst00941002
|
| 655 |
|
0 |
|a Electronic journals.
|
| 710 |
2 |
|
|a American Geophysical Union.
|
| 710 |
2 |
|
|a Geochemical Society.
|
| 776 |
0 |
8 |
|i Print version:
|t Geochemistry geophysics geosystems
|x 1525-2027
|w (OCoLC)704271166
|
| 850 |
|
|
|a DLC
|
| 856 |
4 |
0 |
|z Full text available from Research Library: 11/01/2009 to 01/31/2012
|u https://search.proquest.com/publication/54722
|